Por los fueros de la verdad (Record no. 61682)

MARC details
000 -LEADER
campo de control de longitud fija 00807nam a2200205 i 4500
001 - NÚMERO DE CONTROL
campo de control 61682
003 - IDENTIFICADOR DE NÚMERO DE CONTROL
campo de control ES-MaACL
005 - FECHA Y HORA DE LA ÚLTIMA TRANSACCIÓN
campo de control 20250902190007.0
007 - CAMPO FIJO DE DESCRIPCIÓN FÍSICA--INFORMACIÓN GENERAL
campo de control de longitud fija t|
008 - DATOS DE LONGITUD FIJA--INFORMACIÓN GENERAL
campo de control de longitud fija 031113s1930 sp ||||1| spa d
100 1# - ENTRADA PRINCIPAL--NOMBRE DE PERSONA
Nombre de persona Farfán de los Godos, Gerardo.
9 (RLIN) 48839
245 10 - MENCIÓN DEL TÍTULO
Título Por los fueros de la verdad
Resto del título : aclaraciones necesarias para la historia de los sucesos de Valencia /
Mención de responsabilidad, etc. Gerardo Farfán de los Godos y Pedro González G. de Santiago ; apéndices y notas del General Castro Girona.
260 ## - PUBLICACIÓN, DISTRIBUCIÓN, ETC.
Lugar de publicación, distribución, etc. Madrid :
Nombre del editor, distribuidor, etc. [s.n.,
Fecha de publicación, distribución, etc. 1930] (
Fabricante Artes Gráficas)
300 ## - DESCRIPCIÓN FÍSICA
Extensión 222 p. ;
Dimensiones 17 cm.
651 #4 - PUNTO DE ACCESO ADICIONAL DE MATERIA--NOMBRE GEOGRÁFICO
Nombre geográfico Valencia-
Subdivisión general Historia-
Subdivisión cronológica S.XX.
9 (RLIN) 204548
700 1# - ENTRADA AGREGADA--NOMBRE PERSONAL
Nombre de persona González Gómez de Santiago, Pedro.
9 (RLIN) 58678
700 1# - ENTRADA AGREGADA--NOMBRE PERSONAL
Nombre de persona Castro Girona, Alberto,
Fechas asociadas al nombre 1875-1969
9 (RLIN) 159713
852 ## - LOCALIZACIÓN
Ubicación ES-MaACL
Número de control de estantería B-6126
Holdings
Estatus retirado Estado de pérdida Estado de daño No para préstamo Biblioteca de origen Biblioteca actual Ubicación en estantería Fecha de adquisición Fuente de adquisición Total de préstamos Signatura topográfica completa Código de barras Visto por última vez Precio de reemplazo Tipo de ítem Koha
        Biblioteca del Ateneo de Madrid Biblioteca del Ateneo de Madrid Sala Pardo Bazán 17/01/2008     B-6126 1064677 23/02/2023 23/02/2023 Libro impreso